[Event "Donoratico op-A"]
[Site "Donoratico"]
[Date "2011.04.30"]
[Round "2"]
[White "Caleffi, Cesare"]
[Black "Bigagli, Rodolfo"]
[Result "1/2-1/2"]
[WhiteElo "1959"]
[BlackElo "1973"]
[PlyCount "92"]
[EventDate "2011.04.29"]
[EventType "swiss"]
[EventRounds "5"]
[EventCountry "ITA"]
[SourceTitle "EXT 2015"]
[Source "ChessBase"]
[SourceDate "2014.11.20"]
[SourceVersion "1"]
[SourceVersionDate "2014.11.20"]
[SourceQuality "1"]

1. e4 c5 2. c3 d5 3. exd5 Qxd5 4. d4 Nc6 5. Nf3 Nf6 6. Be2 cxd4 7. cxd4 e6 8. Nc3 Bb4 9. 0-0 Bxc3 10. bxc3 0-0 11. Qc2 h6 12. Rb1 Re8 13. Bf4 Nh5 14. Rb5 Nxf4 15. Rxd5 exd5 16. Bb5 Bd7 17. Bxc6 Bxc6 18. Ne5 Re7 19. g3 Ne6 20. f4 Rae8 21. Rf2 Nf8 22. Kg2 Nh7 23. Nxc6 bxc6 24. Qa4 Rc8 25. Qa6 Rcc7 26. Re2 Nf6 27. Rxe7 Rxe7 28. a4 h5 29. h3 Rc7 30. a5 Ne8 31. Qe2 Nf6 32. a6 Kf8 33. Qe5 Rc8 34. Qd6+ Kg8 35. g4 h4 36. g5 Ne4 37. Qd7 Rb8 38. Qxa7 Re8 39. Qd7 Rb8 40. Qxc6 Rb2+ 41. Kf3 Rf2+ 42. Ke3 Rh2 43. Qc8+ Kh7 44. a7 Ng3 45. Qg4 Nf1+ 46. Kf3 Nd2+ 1/2-1/2

[Event "Donoratico op-A"]
[Site "Donoratico"]
[Date "2011.04.29"]
[Round "1"]
[White "Cautiero, Pietro"]
[Black "Caleffi, Cesare"]
[Result "1/2-1/2"]
[WhiteElo "1715"]
[BlackElo "1959"]
[PlyCount "96"]
[EventDate "2011.04.29"]
[EventType "swiss"]
[EventRounds "5"]
[EventCountry "ITA"]
[SourceTitle "EXT 2015"]
[Source "ChessBase"]
[SourceDate "2014.11.20"]
[SourceVersion "1"]
[SourceVersionDate "2014.11.20"]
[SourceQuality "1"]

1. Nf3 d5 2. g3 Nf6 3. Bg2 c6 4. 0-0 Bg4 5. d3 e6 6. Nbd2 Nbd7 7. Re1 Qb6 8. e4 Bc5 9. Qe2 dxe4 10. dxe4 Ne5 11. h3 Nxf3+ 12. Nxf3 Bh5 13. Rf1 h6 14. c3 0-0 15. b4 Be7 16. Be3 Qc7 17. Qc2 Bg6 18. Nd2 Nd5 19. Rae1 Nxe3 20. Rxe3 a5 21. a3 axb4 22. axb4 Ra6 23. Rb1 Rfa8 24. Ree1 Ra2 25. Rb2 Rxb2 26. Qxb2 Qb6 27. Ra1 Rxa1+ 28. Qxa1 Bf6 29. Qb2 Qb5 30. Qc2 Qe2 31. Bf1 Qe1 32. Qd3 Qc1 33. c4 Bc3 34. Nf3 Bxb4 35. Qd8+ Kh7 36. Ne5 Bxe4 37. Nxf7 Qc3 38. Qh8+ Kg6 39. Qe8 Kf6 40. Nd8 Be7 41. Qf7+ Ke5 42. Qxe6+ Kd4 43. Qxe7 Qf3 44. Qxg7+ Kc5 45. Ne6+ Kb6 46. Qd4+ Ka5 47. Qa1+ Kb4 48. Qb2+ Ka5 1/2-1/2

[Event "Viterbo op 6th"]
[Site "Viterbo"]
[Date "2009.05.31"]
[Round "2"]
[White "Pompili, Ugo"]
[Black "Caleffi, Cesare"]
[Result "0-1"]
[WhiteElo "1843"]
[BlackElo "2003"]
[PlyCount "144"]
[EventDate "2009.05.30"]
[EventType "swiss"]
[EventRounds "7"]
[EventCountry "ITA"]
[SourceTitle "EXT 2011"]
[Source "ChessBase"]
[SourceDate "2010.11.26"]
[SourceVersion "1"]
[SourceVersionDate "2010.11.26"]
[SourceQuality "1"]

1. d4 d5 2. e3 Bf5 3. Bd3 Bxd3 4. cxd3 c6 5. f4 e6 6. Nf3 Nd7 7. 0-0 Ngf6 8. Nc3 c5 9. Bd2 a6 10. Rb1 cxd4 11. exd4 Bd6 12. g3 0-0 13. Qe2 b5 14. a3 Qb6 15. Kg2 a5 16. h3 b4 17. axb4 axb4 18. Nd1 Rfc8 19. Ne3 Qb5 20. Rfe1 b3 21. Bc3 Nb6 22. Ne5 Na4 23. Qd2 Nxc3 24. bxc3 Qb7 25. Kf3 Ra6 26. g4 g6 27. Nd1 Rb8 28. Nb2 Ra2 29. Rec1 Ba3 30. g5 Nd7 31. Ng4 Kg7 32. h4 Qc6 33. Ne5 Qd6 34. h5 Nb6 35. hxg6 hxg6 36. Rh1 Rg8 37. Rh7+ Kf8 38. Rxf7+ Ke8 39. Qh2 Rf8 40. Qh7 Rxb2 41. Qxg6 Rxf7 42. Qxf7+ Kd8 43. Rh1 Nd7 44. Nxd7 Qxd7 45. Rh8+ Kc7 46. Qg8 Kb6 47. Rh7 Qd6 48. Qf7 Kb5 49. Qb7+ Qb6 50. Qxb6+ Kxb6 51. g6 Rb1 52. g7 Rg1 53. Rh6 Rxg7 54. Rxe6+ Kc7 55. Re1 Kd6 56. f5 Rh7 57. Kf4 Rh2 58. f6 Rf2+ 59. Kg5 Kd7 60. Kg6 b2 61. f7 Bf8 62. Rb1 Re2 63. c4 Ke6 64. c5 Rg2+ 65. Kh7 Kxf7 66. Rf1+ Ke8 67. Rb1 Kd7 68. Rf1 Kc6 69. Rf6+ Kb5 70. Rb6+ Ka4 71. c6 Bb4 72. c7 Rc2 0-1

[Event "Viterbo op 6th"]
[Site "Viterbo"]
[Date "2009.05.30"]
[Round "1"]
[White "Caleffi, Cesare"]
[Black "Faini, Ivano"]
[Result "1-0"]
[WhiteElo "2003"]
[BlackElo "1706"]
[PlyCount "93"]
[EventDate "2009.05.30"]
[EventType "swiss"]
[EventRounds "7"]
[EventCountry "ITA"]
[SourceTitle "EXT 2011"]
[Source "ChessBase"]
[SourceDate "2010.11.26"]
[SourceVersion "1"]
[SourceVersionDate "2010.11.26"]
[SourceQuality "1"]

1. d4 e5 2. dxe5 Nc6 3. Nf3 Qe7 4. Qd5 f6 5. exf6 Nxf6 6. Qb3 d5 7. c3 Na5 8. Qb5+ Nc6 9. Bg5 a6 10. Qb3 Na5 11. Qa4+ Nc6 12. e3 Bd7 13. Qc2 h6 14. Qg6+ Qf7 15. Qxf7+ Kxf7 16. Bf4 Bd6 17. Bxd6 cxd6 18. Nbd2 Bf5 19. Be2 Rhe8 20. 0-0 b5 21. a4 b4 22. Rac1 a5 23. Bb5 Rec8 24. Bxc6 Rxc6 25. Nd4 bxc3 26. bxc3 Bd7 27. Nxc6 Bxc6 28. Ra1 Bb7 29. Rfb1 Ba6 30. Rb6 Ke6 31. f3 Nd7 32. Rc6 Bd3 33. Nb3 g6 34. Nd4+ Ke7 35. Nb5 Bxb5 36. axb5 Nc5 37. b6 Kd7 38. Rc7+ Kd8 39. Ra7 Rb8 40. R1xa5 Rxb6 41. Rh7 Na6 42. Rxd5 Nc5 43. e4 Ke8 44. e5 dxe5 45. Rxc5 Kd8 46. Rxe5 g5 47. Ra5 1-0